Environment : (Record no. 147991)

MARC details
000 -LEADER
fixed length control field 00594nam a22002057a 4500
005 - DATE AND TIME OF LATEST TRANSACTION
control field 20171214124104.0
010 ## - LCCN (DPL NO)
LC control number ENG-121876
020 ## - INTERNATIONAL STANDARD BOOK NUMBER
Terms of availability 250.00
035 ## - SYSTEM CONTROL NUMBER
System control number EN-105408
037 ## - SOURCE OF ACQUISITION
Source of stock number/acquisition DBAD/PUB
082 ## - DEWEY DECIMAL CLASSIFICATION NUMBER
Classification number 363.7
100 ## - MAIN ENTRY--PERSONAL NAME
Personal name Bera,Ajit Kumar
245 ## - TITLE STATEMENT
Title Environment :
Remainder of title Concept and application /
Statement of responsibility, etc by Ajit Kumar Bera
260 ## - PUBLICATION, DISTRIBUTION, ETC. (IMPRINT)
Place of publication, distribution, etc Kolkata
Name of publisher, distributor, etc Progressive publishers
Date of publication, distribution, etc 2014
270 ## - ADDRESS
Address 37A,College street
City Kolkata
Postal code 73
300 ## - PHYSICAL DESCRIPTION
Extent 145p.
Other physical details ill.
Dimensions 24cm(Pbk)
500 ## - GENERAL NOTE
General note Includes references and index
700 ## - ADDED ENTRY--PERSONAL NAME
Personal name Ajit Kumar Bera
942 ## - ADDED ENTRY ELEMENTS (KOHA)
Source of classification or shelving scheme Dewey Decimal Classification
Item type English Books
Classification part 363.7
Call number suffix BER
Holdings
Withdrawn status Lost status Not for loan Collection code Home library Current library Date acquired Source of acquisition Cost, normal purchase price Full call number Barcode Copy number Cost, replacement price Koha item type
      Non-fiction Sarojini Nagar Sarojini Nagar 14/12/2017 DBAD/PUB 250.00 363.7 BER EN-105408 1 250.00 English Books

© Delhi Public Library
Hit Counter
free hit counter